A Study on Labour Welfare Practices (Record no. 69062)
[ view plain ]
| 000 -LEADER | |
|---|---|
| fixed length control field | 00395nam a2200145Ia 4500 |
| 008 - FIXED-LENGTH DATA ELEMENTS--GENERAL INFORMATION | |
| fixed length control field | 221007s9999 xx 000 0 und d |
| 041 ## - LANGUAGE CODE | |
| Language code of text/sound track or separate title | eng |
| 082 ## - DEWEY DECIMAL CLASSIFICATION NUMBER | |
| Item number | UMB |
| 100 ## - MAIN ENTRY--PERSONAL NAME | |
| Personal name | Umbrekar Swarada - 2K101170 & Dr. Mukund Tapkir |
| 9 (RLIN) | 101907 |
| 245 #2 - TITLE STATEMENT | |
| Title | A Study on Labour Welfare Practices |
| 260 ## - PUBLICATION, DISTRIBUTION, ETC. (IMPRINT) | |
| Date of publication, distribution, etc. | 2012 |
| Name of publisher, distributor, etc. | Pune University |
| Place of publication, distribution, etc. | Hyderabad |
| 300 ## - PHYSICAL DESCRIPTION | |
| Extent | 62p |
| 520 ## - SUMMARY, ETC. | |
| Summary, etc. | Tapkir Mukund |
| 906 ## - LOCAL DATA ELEMENT F, LDF (RLIN) | |
| b | General |
| Withdrawn status | Lost status | Damaged status | Not for loan | Home library | Current library | Date acquired | Vendor | Total Checkouts | Full call number | Barcode | Date last seen | Bill Date | Koha item type | Original Barcode |
|---|---|---|---|---|---|---|---|---|---|---|---|---|---|---|
| Smt. Hiraben Nanavati Institute of Management & Research for Women | Smt. Hiraben Nanavati Institute of Management & Research for Women | 08/08/2012 | HNIMR | UMB | HIMR-PR-481 | 07/10/2022 | 08/08/2012 | Project Reports | PR0481 |